000 00993nam a2200313 i 4500
001 000046621
003 DO-SdBNP
005 20251121100032.0
007 ta
008 100115s2005 dr 000 f spa d
020 _a9993400661
040 _aDO-SdBNP
_bspa
_cBNPHU
_erda
049 _aBNPD
082 4 _aRD863.44
_bP426t, 2005
_222
100 1 _aPeralta Romero, Rafael,
_d1948-
_979774
245 1 4 _aLos tres entierros de Dino Bidal :
_bnovela /
_cRafael Peralta Romero.
250 _aTercera edición
264 1 _aSanto Domingo, República Dominicana :
_bEditorial Gente,
_c2005.
300 _a130 páginas ;
_c21 cm.
336 _atexto
_btxt
_2rdaontent
337 _asin mediación
_bn
_2rdamedia
338 _avolumen
_bnc
_2rdacarrer
500 _aIncluye datos biográficos del autor en la solapa de la cubierta
590 _aInventariado, 2023/BT
650 4 _aNovela dominicana
_9223
650 4 _aLiteratura dominicana.
_967
910 _aBtavárez
942 _2ddc
_cLBS1
999 _c46110
_d46110